| 000 | 01663nam a2200433Ii 4500 | ||
|---|---|---|---|
| 001 | DIGMARCOM0016 | ||
| 003 | NyNyDIG | ||
| 008 | 140709s2009 sp a o 000 0 spa d | ||
| 006 | m o d | ||
| 007 | cr ||||||||||| | ||
| 040 |
_aDGITA _beng _erda _epn _cDGITA |
||
| 020 |
_a9788426716156 _q(eBook ; _qePub) |
||
| 020 |
_a8426716156 _q(eBook ; _qePub) |
||
| 020 | _z9788426715371 | ||
| 020 | _z8426715370 | ||
| 050 | 1 | 4 | _aTK5105.8885.D74 eBook |
| 245 | 0 | 0 | _aAprender Dreamweaver CS4 con 100 ejercicios prácticos. |
| 246 | 3 | 0 | _aDreamweaver CS4 |
| 250 | _aPrimera edición. | ||
| 264 | 1 |
_aBarcelona : _bMEDIAactive : _bMarcombo, S.A., _c2009. |
|
| 300 |
_a1 online resource (213 pages) : _bcolor illustrations |
||
| 336 |
_atext _btxt _2rdacontent |
||
| 337 |
_acomputer _bc _2rdamedia |
||
| 338 |
_aonline resource _bcr _2rdacarrier |
||
| 490 | 1 | _aColección "Aprender-- con 100 ejercicios prácticos" para formarse sin esfuerzo | |
| 500 | _a"MEDIAactive"--Cover. | ||
| 588 | 0 | _aOnline resource; title from ePub and PDF title page (Digitalia, viewed July 11, 2014) | |
| 630 | 0 | 0 | _aDreamweaver (Computer file) |
| 650 | 0 |
_aWeb sites _xDesign. |
|
| 655 | 0 | _aElectronic books. | |
| 710 | 2 | _aMEDIAactive. | |
| 791 | 2 |
_aDigitalia (Firm), _edistributor. |
|
| 793 | 0 |
_gDigitalia eBook Collection: _aMarcombo. |
|
| 776 | 0 | 8 |
_iPrint version: _tAprender Dreamweaver CS4 con 100 ejercicios prácticos. _b1a ed. _dBarcelona : Marcombo, 2009 _z9788426715371 |
| 830 | 0 | _aColección Aprender (MEDIAactive (Firm)) | |
| 856 | 4 | 0 |
_3Digitalia Hispánica _uhttps://www.digitaliapublishing.com/a/17192/ |
| 910 | _aPremium Collection: 2013 | ||
| 942 | _cRAA | ||
| 999 |
_c235198 _d235198 |
||